01450 a2200181 45000010006000000050017000060080041000230030015000640400040000790800064001192450064001830200018002472500011002652640049002763000024003255050893003491000026012423184720260407155620.0260407a1998 arg spa dAR-UNSa-BCEJYS aAR-UNSa-BCEJYSbspacAR-UNSa-BCEJYS a658xAdministración de empresas. Organización comercial10aIntroducción a la teoría general de la administración a958-600-313-2 a4a. ed 1aBogotá :bMcGraw-Hill Interamericanac1998 axvii,880 p.c23 cm. a1. La administración y sus perspectivas - 2. Antecedentes históricos de la administración - 3. Enfoque clásico de la administración - 4. Teoría clásica de la administración - 5. Teoría de las relaciones humanas - 6. Implicaciones de la teoría de las relaciones humanas - 7. Teoría neoclásica de la administración - 8. Implicaciones del enfoque neoclásico: tipos de organización - 9. Implicaciones del enfoque neoclásico: departamentalización - 10. Administración por objetvos (APO) - 11. Modelo burocrático de organización - 12. Teoría estructuralista de la administración - 13. Teoría del comportamiento en la administración - 14. Teoría del desarrollo organizacional - 15. Cibernética y administración - 16. Teoría matematica de la administración - 17. Teoría de sistemas - 18. Teoría contingencial de la administración. 1 aChiavenato, Idalberto